1488 1634 1405 1134 1071 1491 1200 1255 1810 1223 1669 1394 1434 1060 1661 1708 1749 1420 1056 1793 1897 1466 1917 1686 1140 1343 1140 1743 1996 1409 1182 1806 1459 1086 1779 1643 1161 1773 1830 1805 1367 1779 1886 1081 1325 1538 1609 1439 1568 1583 1404 1022 1335 1644 1253 1134 1598 1127 1435 1365 1700 1267 1246 1375 1231 1162 1184 1201 1980 1684 1294 1853 1732 1375 1188 1926 1644 1196 1899 1706 1530 1766 1051 1233 1812 1264 1736 1999 1097 1633 1114 1174 1752 1649 1943 1781 1221 1187 1514 BCNSPRNW ULIB Ver.6.0+V

เปลี่ยนเป็นภาษาไทย

Change to English
 แสดงรายละเอียดบรรณานุกรม
  กลับหน้าหลัก

Brief Record : Get Marc (ISO 2709) : E-mail record : QR code < ปิดหน้าต่าง
LEADER : 00000nam a2200000Ia 4500
001    13399114566
003     ULIB
008    120220s2554 th a 000 0 tha d
050  4 ^aBQ942.B6^bญ241
245 00 ^aญาณสัมปันนธัมมานุสรณ์ :^cวัดป่าบ้านตาด /^c[คณะผู้จัดทำหนังสือ, พระอาจารย์ สุดใจ ทันตมโน]
260    ^aอุดรธานี :^bวัดป่าบ้านตาด,^c2554
300    ^a913, [17] หน้า :^bภาพประกอบ ;^c30 ซม.
500    ^aอนุสรณ์เนื่องในงานพระราชทานเพลิงถวายแด่พระสรีระสังขารพระธรรมวิสุทธิมงคล (หลวงตาพระมหาบัว ญาณสัมปันโน) ณเมรุชั่วคราว วัดเกษรศีลคุณ(วัดป่าบ้านตาด ตำบลบ้านตาด อำเภอเมือง จังหวัดอุดรธานี วันเสาร์ที่ 5 มีนาคม พุทธศักราช 2554 ตรงกับวันขึ้น 1 ค่ำ เดือน 4 ปีขาล เวลา 17 นาฬิกา
600 04 ^aพระธรรมวิสุทธิมงคล (บัว ญาณสมฺปนฺโน),^d2456-2554
600 04 ^aจอมจักร จันทรสกุล,^d2480-
650  4 ^aธรรมะ
700 0  ^aพระธรรมวิสุทธิมงคล (บัว ญาณสมฺปนฺโน),^d2456-2554
700 0  ^aพระอาจารย์ สุดใจ ทันตมโน
945    ^p0^l0^i031648
995    ^a เกษร
999 ^a ใช้งานได้ทุกระบบ
รายการนี้ยังไม่มีแท็ก
คุณยังไม่ได้ล็อกอิน คุณสามารถมีกิจกรรมร่วมกับเว็บไซต์ได้ แต่ต้องล็อกอินก่อน ::
  ล็อกอิน

รายการสื่อสารสนเทศ

ลำดับที่ ประเภท เลขเรียก/บาร์โค้ด สถานที่ สถานะ
- ไม่พบข้อมูล -

รายการใกล้เคียง
    หัวเรื่อง [ธรรมะ]

BibComment


ยังไม่เคยถูกคอมเมนท์

คอมเมนท์ทรัพยากรรายการนี้
  คอมเมนท์: ญาณสัมปันนธัมมาน..


 Copyright 2026. Bcnsprnw @Library